| 000 | 01802nam0a22003251 4500 | ||
|---|---|---|---|
| 001 | v19\rc\1958991 | ||
| 005 | 20260405235822.0 | ||
| 035 | _a(NLR Aleph) 005268860 | ||
| 090 |
_a5977820 _c5977820 |
||
| 100 | _a20080428d1913 |||y0rusy50 ca | ||
| 101 | 0 | _arus | |
| 102 | _aRU | ||
| 105 | _aacghz ||||| | ||
| 200 | 1 |
_aИстория музыки [всех времен и народов] _fПроф. Л.А. Саккетти _hТ. 3 _i[Девятнадцатый век] |
|
| 210 |
_aСанкт-Петербург _cШиповник _d1913 |
||
| 215 |
_a296 с., 8 л. ил., портр., нот., факс. _cил., портр., нот. _d29 |
||
| 300 | _aИзд. не закончено; вышло только 3 вып. 3 т. | ||
| 327 | 1 | _aСодерж.: Бетховен; История песни: Франц Шуберт. К. Леве; Вебер | |
| 464 | 0 |
_12001#$aБетховен$aИстория песни$eФранц Шуберт. К. Леве$aВебер _1702#1$3RU\NLR\AUTH\7710222$7ca$aБетховен$bЛ. ван$f1770-1827$gЛюдвиг ван$4570 _1702#1$3RU\NLR\AUTH\77108614$7ca$aШуберт$bФ.$f1797-1828$gФранц$4570 _1702#1$3RU\NLR\AUTH\7758446$7ca$aВебер$bК. М. фон$f1786-1826$gКарл Мария фон$4570 _tВебер |
|
| 517 | 0 | _aДевятнадцатый век | |
| 532 | 1 | 3 | _aИстория музыки всех времен и народов |
| 700 | 1 |
_8rus _7ca _aСаккетти _bЛ. А. _f1852-1916 _gЛиверий Антонович _3RU\NLR\AUTH\77109423 _992348 |
|
| 801 | 0 |
_aRU _bNLR _c20080428 _gpsbo |
|
| 801 | 0 |
_aRU _bRuMoRGB _c20080428 _2psbo |
|
| 801 | 1 |
_aRU _bProSoft-M _c20080428 _2rusmarc |
|
| 801 | 2 |
_aRU _bNLR _c20120229 _2rusmarc |
|
| 852 |
_aNLR _j37.8.1.9(т. 1-3) |
||
| 852 |
_aNLR _jКр II/2717(т. 1-3) |
||
| 942 | _cBOOK | ||
| 980 | _aNB | ||